000 00413 a2200121 4500
100 1 _aBorzdyka, A.M..
_eAutor
700 1 _aGecov, L.B..
_eAutor
245 0 _aRelaksacija naprjazenij v metallach i splavach /
_cBorzdyka A.M., Gecov L.B..
710 2 _aMetallurgija.
_eWydawca
_4pbl
260 _aMoskva :
_bMetallurgija,
_c1972.
300 _a303 s.;
_c24 cm.
490 1 _aMonographies d'Informatique
830 0 _aMonographies d'Informatique
999 _c4074
_d4074